Central Library OPAC University of Rajshahi

The bioorganic chemistry of enzymatic catalysis / (Record no. 11942)

MARC details
000 -LEADER
fixed length control field 01142nam a2200301 a 4500
001 - CONTROL NUMBER
control field 11942
003 - CONTROL NUMBER IDENTIFIER
rucl marc code BD-RjUL
005 - DATE AND TIME OF LATEST TRANSACTION
control field 20211208235216.0
008 - FIXED-LENGTH DATA ELEMENTS--GENERAL INFORMATION
fixed length control field 161005s1984 nyua b 001 0 eng d
020 ## - INTERNATIONAL STANDARD BOOK NUMBER
International Standard Book Number 0471059919
035 ## - SYSTEM CONTROL NUMBER
System control number (BD-RjUL)11991
040 ## - CATALOGING SOURCE
Original cataloging agency DLC
Transcribing agency DLC
Modifying agency DLC
-- (BD-RjUL)
Language of cataloging eng
041 ## - LANGUAGE CODE
Language code of text/sound track or separate title eng
082 00 - DEWEY DECIMAL CLASSIFICATION NUMBER
Classification number 574.1925
Edition number 23
Author mark and year BEB 1984
100 1# - MAIN ENTRY--PERSONAL NAME
Personal name Bender, Myron L.,
Dates associated with a name 1924-1988.
9 (RLIN) 37030
245 14 - TITLE STATEMENT
Title The bioorganic chemistry of enzymatic catalysis /
Statement of responsibility, etc. Myron L. Bender, Raymond J. Bergeron, Makoto Komiyama.
260 ## - PUBLICATION, DISTRIBUTION, ETC. (IMPRINT)
Place of publication, distribution, etc. New York :
Name of publisher, distributor, etc. Wiley,
Date of publication, distribution, etc. c1984.
300 ## - PHYSICAL DESCRIPTION
Pagination xiii, 312 p. :
Illustrations ill. ;
Size 24 cm.
500 ## - GENERAL NOTE
General note "A Wiley-Interscience publication."
504 ## - BIBLIOGRAPHY, ETC. NOTE
Bibliography, etc Includes bibliographies and index.
650 #0 - SUBJECT ADDED ENTRY--TOPICAL TERM
Topical term or geographic name as entry element Enzymes.
9 (RLIN) 37031
Topical term or geographic name as entry element Bioorganic chemistry.
9 (RLIN) 37032
700 1# - ADDED ENTRY--PERSONAL NAME
Personal name Bergeron, Raymond J.
Dates associated with a name 1945- , jt.auth.
Personal name Komiyama, Makoto
Dates associated with a name 1947- , jt. auth.
856 42 - ELECTRONIC LOCATION AND ACCESS
Materials specified Contributor biographical information
Uniform Resource Identifier <a href="http://www.loc.gov/catdir/bios/wiley042/83019857.html">http://www.loc.gov/catdir/bios/wiley042/83019857.html</a>
Materials specified Publisher description
Uniform Resource Identifier <a href="http://www.loc.gov/catdir/description/wiley034/83019857.html">http://www.loc.gov/catdir/description/wiley034/83019857.html</a>
942 ## - ADDED ENTRY ELEMENTS (KOHA)
Source of classification or shelving scheme Dewey Decimal Classification
Koha item type Books
Holdings
Lost status Source of classification or shelving scheme Damaged status Not for loan Collection code Permanent Location Current Location Shelving location Date acquired Source of acquisition Total Checkouts Full call number Date last seen Copy number Koha item type Cost, normal purchase price
  Dewey Decimal Classification     Non-fiction Central Library, University of Rajshahi Central Library, University of Rajshahi   24/10/1989 Gift   574.1925 BEB 1984 27/01/2014 C-3 Books  
  Dewey Decimal Classification     Non-fiction Central Library, University of Rajshahi Central Library, University of Rajshahi   29/10/1989     574.1925 BEB 1984 01/10/2016 C-2 Books  
  Dewey Decimal Classification   Not For Loan Non-fiction Central Library, University of Rajshahi Central Library, University of Rajshahi Reading Room 02/04/1986 Karim international, Dhaka   574.1925 BEB 1984 20/08/2017 C-1 Books 40.95
  Dewey Decimal Classification     Non-fiction Central Library, University of Rajshahi Central Library, University of Rajshahi   02/04/1986 Karim international, Dhaka   574.1925 BEB 1984 20/08/2017 C-4 Books 40.95